<?xml version="1.0" encoding="UTF-8"?>
<record
    xmlns:xsi="http://www.w3.org/2001/XMLSchema-instance"
    xsi:schemaLocation="http://www.loc.gov/MARC21/slim http://www.loc.gov/standards/marcxml/schema/MARC21slim.xsd"
    xmlns="http://www.loc.gov/MARC21/slim">

  <leader>00983nam a2200181Ia 4500</leader>
  <controlfield tag="008">090630s9999    xx            000 0 und d</controlfield>
  <datafield tag="082" ind1=" " ind2=" ">
    <subfield code="b">27605</subfield>
  </datafield>
  <datafield tag="100" ind1=" " ind2=" ">
    <subfield code="a">&#x917;&#x93E;&#x930;&#x94D;&#x921;&#x928;&#x930; &#x905;&#x930;&#x94D;&#x932; &#x938;&#x94D;&#x91F;&#x947;&#x928;&#x932;&#x947; &#x905;&#x928;&#x941;. &#x939;&#x941;&#x926;&#x94D;&#x926;&#x93E;&#x930; &#x92E;&#x927;&#x941;&#x915;&#x930;.</subfield>
  </datafield>
  <datafield tag="245" ind1=" " ind2=" ">
    <subfield code="a">&#x92A;&#x947;&#x930;&#x940; &#x92E;&#x947;&#x938;&#x928; - &#x926; &#x92E;&#x93E;&#x938;&#x94D;&#x91F;&#x930; &#x92A;&#x94D;&#x932;&#x945;&#x928;.</subfield>
    <subfield code="c">&#x917;&#x93E;&#x930;&#x94D;&#x921;&#x928;&#x930; &#x905;&#x930;&#x94D;&#x932; &#x938;&#x94D;&#x91F;&#x947;&#x928;&#x932;&#x947; &#x905;&#x928;&#x941;. &#x939;&#x941;&#x926;&#x94D;&#x926;&#x93E;&#x930; &#x92E;&#x927;&#x941;&#x915;&#x930;.</subfield>
  </datafield>
  <datafield tag="260" ind1=" " ind2=" ">
    <subfield code="b">&#x938;&#x941;&#x92A;&#x930;&#x94D;&#x923;.</subfield>
    <subfield code="c">2006</subfield>
  </datafield>
  <datafield tag="300" ind1=" " ind2=" ">
    <subfield code="a">188</subfield>
  </datafield>
  <datafield tag="600" ind1=" " ind2=" ">
    <subfield code="a">&#x917;&#x93E;&#x930;&#x94D;&#x921;&#x928;&#x930; &#x905;&#x930;&#x94D;&#x932; &#x938;&#x94D;&#x91F;&#x947;&#x928;&#x932;&#x947; &#x905;&#x928;&#x941;. &#x939;&#x941;&#x926;&#x94D;&#x926;&#x93E;&#x930; &#x92E;&#x927;&#x941;&#x915;&#x930;.</subfield>
  </datafield>
  <datafield tag="630" ind1=" " ind2=" ">
    <subfield code="a">&#x92A;&#x947;&#x930;&#x940; &#x92E;&#x947;&#x938;&#x928; - &#x926; &#x92E;&#x93E;&#x938;&#x94D;&#x91F;&#x930; &#x92A;&#x94D;&#x932;&#x945;&#x928;.</subfield>
  </datafield>
  <datafield tag="655" ind1=" " ind2=" ">
    <subfield code="a">&#x915;&#x93E;&#x926;&#x902;&#x92C;&#x930;&#x940;.</subfield>
  </datafield>
  <datafield tag="700" ind1=" " ind2=" ">
    <subfield code="a">&#x917;&#x93E;&#x930;&#x94D;&#x921;&#x928;&#x930; &#x905;&#x930;&#x94D;&#x932; &#x938;&#x94D;&#x91F;&#x947;&#x928;&#x932;&#x947; &#x905;&#x928;&#x941;. &#x939;&#x941;&#x926;&#x94D;&#x926;&#x93E;&#x930; &#x92E;&#x927;&#x941;&#x915;&#x930;.</subfield>
  </datafield>
  <datafield tag="730" ind1=" " ind2=" ">
    <subfield code="a">&#x92A;&#x947;&#x930;&#x940; &#x92E;&#x947;&#x938;&#x928; - &#x926; &#x92E;&#x93E;&#x938;&#x94D;&#x91F;&#x930; &#x92A;&#x94D;&#x932;&#x945;&#x928;.</subfield>
  </datafield>
  <datafield tag="942" ind1=" " ind2=" ">
    <subfield code="c">BOOK</subfield>
  </datafield>
  <datafield tag="999" ind1=" " ind2=" ">
    <subfield code="c">279461</subfield>
    <subfield code="d">279461</subfield>
  </datafield>
  <datafield tag="952" ind1=" " ind2=" ">
    <subfield code="0">0</subfield>
    <subfield code="1">0</subfield>
    <subfield code="4">0</subfield>
    <subfield code="7">0</subfield>
    <subfield code="a">SAWASHRI</subfield>
    <subfield code="b">SAWASHRI</subfield>
    <subfield code="d">2007-09-05</subfield>
    <subfield code="g">160.00</subfield>
    <subfield code="l">0</subfield>
    <subfield code="o">27605</subfield>
    <subfield code="p">SAWASHRI-27605</subfield>
    <subfield code="r">2009-06-30 00:00:00</subfield>
    <subfield code="v">160.00</subfield>
    <subfield code="w">2009-06-30</subfield>
    <subfield code="y">BOOK</subfield>
  </datafield>
</record>
